<?xml version="1.0" encoding="UTF-8"?>
<record
    xmlns:xsi="http://www.w3.org/2001/XMLSchema-instance"
    xsi:schemaLocation="http://www.loc.gov/MARC21/slim http://www.loc.gov/standards/marcxml/schema/MARC21slim.xsd"
    xmlns="http://www.loc.gov/MARC21/slim">

  <leader>02772nam a2200385 a 4500</leader>
  <controlfield tag="001">ebr10509383</controlfield>
  <controlfield tag="003">CaPaEBR</controlfield>
  <controlfield tag="006">m        u        </controlfield>
  <controlfield tag="007">cr cn|||||||||</controlfield>
  <controlfield tag="008">090910s2010    dcuabd  sb    001 0 eng d</controlfield>
  <datafield tag="010" ind1=" " ind2=" ">
    <subfield code="z">  2009037680</subfield>
  </datafield>
  <datafield tag="020" ind1=" " ind2=" ">
    <subfield code="z">087553192X</subfield>
  </datafield>
  <datafield tag="020" ind1=" " ind2=" ">
    <subfield code="z">9780875531922</subfield>
  </datafield>
  <datafield tag="020" ind1=" " ind2=" ">
    <subfield code="z">9780875532523 (e-book)</subfield>
  </datafield>
  <datafield tag="040" ind1=" " ind2=" ">
    <subfield code="a">CaPaEBR</subfield>
    <subfield code="c">CaPaEBR</subfield>
  </datafield>
  <datafield tag="035" ind1=" " ind2=" ">
    <subfield code="a">(OCoLC)769188744</subfield>
  </datafield>
  <datafield tag="043" ind1=" " ind2=" ">
    <subfield code="a">n-us---</subfield>
  </datafield>
  <datafield tag="050" ind1="1" ind2="4">
    <subfield code="a">RA644.6</subfield>
    <subfield code="b">.C475 2010eb</subfield>
  </datafield>
  <datafield tag="082" ind1="0" ind2="4">
    <subfield code="a">614.4/273</subfield>
    <subfield code="2">22</subfield>
  </datafield>
  <datafield tag="245" ind1="0" ind2="0">
    <subfield code="a">Chronic disease epidemiology and control</subfield>
    <subfield code="h">[electronic resource] /</subfield>
    <subfield code="c">[edited by Patrick L. Remington, Ross C. Brownson, Mark V. Wegner].</subfield>
  </datafield>
  <datafield tag="250" ind1=" " ind2=" ">
    <subfield code="a">3rd ed.</subfield>
  </datafield>
  <datafield tag="260" ind1=" " ind2=" ">
    <subfield code="a">Washington, D.C. :</subfield>
    <subfield code="b">American Public Health Association,</subfield>
    <subfield code="c">c2010.</subfield>
  </datafield>
  <datafield tag="300" ind1=" " ind2=" ">
    <subfield code="a">xii, 659 p. :</subfield>
    <subfield code="b">ill., map.</subfield>
  </datafield>
  <datafield tag="504" ind1=" " ind2=" ">
    <subfield code="a">Includes bibliographical references and index.</subfield>
  </datafield>
  <datafield tag="505" ind1="0" ind2=" ">
    <subfield code="a">Current issues and challenges in chronic disease control / Matthew McKenna and Janet Collins -- Methods in chronic disease epidemiology / Patrick L. Remington, Ross Brownson and David Savitz -- Intervention methods for chronic disease control / Robert J. McDermott ... [et al.] -- Chronic disease surveillance / Mark V. Wegner, Angela Rohan and Patrick L. Remington -- Tobacco use / Corinne G. Husten -- Diet and nutrition / Nasuh Malas, Kathleen M. Tharp and Susan B. Foerster -- Physical activity / Barbara E. Ainsworth and Caroline A. Macera -- Alcohol use / Mary C. Dufour -- Obesity and overweight / Deborah A. Galuska and William H. Dietz -- Diabetes / Donald B. Bishop, Patrick J. O'Connor and Jay Desai -- High blood pressure / Leonelo E. Bautista -- High blood cholesterol / Heather M. Johnson and Patrick E. McBride -- Cardiovascular disease / Craig J. Newschaffer, Longjian Liu and Alan Sim -- Cancer / Ross C. Brownson and Corinne Joshu -- Chronic respiratory diseases / Henry A. Anderson and Mark Werner -- Mental disorders / Danny Wedding -- Neurological disorders / Edwin Trevathan -- Arthritis and other musculoskeletal diseases / Rosemarie Hirsch and Marc C. Hochberg -- Chronic liver disease / Adnan Said and Jennifer Wells -- Kidney disease / Vishnu Moorthy and Jonathan B. Jaffery.</subfield>
  </datafield>
  <datafield tag="533" ind1=" " ind2=" ">
    <subfield code="a">Electronic reproduction.</subfield>
    <subfield code="b">Palo Alto, Calif. :</subfield>
    <subfield code="c">ebrary,</subfield>
    <subfield code="d">2011.</subfield>
    <subfield code="n">Available via World Wide Web.</subfield>
    <subfield code="n">Access may be limited to ebrary affiliated libraries.</subfield>
  </datafield>
  <datafield tag="650" ind1=" " ind2="0">
    <subfield code="a">Chronic diseases</subfield>
    <subfield code="z">United States</subfield>
    <subfield code="x">Epidemiology.</subfield>
  </datafield>
  <datafield tag="655" ind1=" " ind2="7">
    <subfield code="a">Electronic books.</subfield>
    <subfield code="2">local</subfield>
  </datafield>
  <datafield tag="700" ind1="1" ind2=" ">
    <subfield code="a">Remington, Patrick L.</subfield>
  </datafield>
  <datafield tag="700" ind1="1" ind2=" ">
    <subfield code="a">Brownson, Ross C.</subfield>
  </datafield>
  <datafield tag="700" ind1="1" ind2=" ">
    <subfield code="a">Wegner, Mark V.,</subfield>
    <subfield code="d">1972-</subfield>
  </datafield>
  <datafield tag="710" ind1="2" ind2=" ">
    <subfield code="a">American Public Health Association.</subfield>
  </datafield>
  <datafield tag="710" ind1="2" ind2=" ">
    <subfield code="a">ebrary, Inc.</subfield>
  </datafield>
  <datafield tag="856" ind1="4" ind2="0">
    <subfield code="u">http://site.ebrary.com/lib/rucke/Doc?id=10509383</subfield>
    <subfield code="z">An electronic book accessible through the World Wide Web; click to view</subfield>
  </datafield>
  <datafield tag="999" ind1=" " ind2=" ">
    <subfield code="c">116316</subfield>
    <subfield code="d">116316</subfield>
  </datafield>
</record>
